Language Quiz

Random Language or Song Quiz
Score 0/14 Timer 04:00
3 Plays Today
% Correct
thinking
93.7%
sailor
93.4%
crazy
93.3%
lips
92.3%
fire
92%
time
91.9%
little doll
91.6%
% Correct
stay
90.3%
true
89.8%
happiness
89.1%
body
85.6%
smile
78.9%
luck
76.3%
enjoying
73.5%
Remove Ads.
Support Sporcle.
Get the best of Sporcle when you Go Orange. This ad-free experience offers more features, more stats, and more fun while also helping to support Sporcle. Thank you for becoming a member.

You're not logged in!

Compare scores with friends on all Sporcle quizzes.
OR
Log In

Show Comments

Extras

Top Quizzes Today


Score Distribution

Your Account Isn't Verified!

In order to create a playlist on Sporcle, you need to verify the email address you used during registration. Go to your Sporcle Settings to finish the process.

Report this User

Report this user for behavior that violates our Community Guidelines.

Details: